000
00316 a2200133 4500
001
147901
040
_c
Escola São Tomás de Aquino
100
_a
MAGALHÃES, Augusto
240
1
0
_a
As amigas e as sombras
_l
por
245
1
0
_a
As amigas e as sombras
362
0
_a
1995
697
_a
*LITERATURA INFANTO
942
_c
BK
999
_c
147901
_d
147901